[Event "AUTO-INT-2841"]
[Site "http://www.queenalice.com/game.php?id=1274777"]
[Date "2014.4.21"]
[Round "1"]
[White "hoffmann"]
[Black "bpctreinamento"]
[Result "0-1"]
[WhiteElo "1435"]
[BlackElo "1642"]

1. e4 e5 2. c3 Nf6 3. Qf3 d6 4. Bb5+ c6 5. Ba4 b5 6. Bb3 Bg4 7. Qe3 c5 8. c4
bxc4 9. Bxc4 d5 10. exd5 Bd6 11. h3 Bf5 12. Na3 e4 13. Ne2 O-O 14. Nc2 Qc7 15.
a3 Nbd7 16. d3 exd3 17. Bxd3 Nxd5 18. Qf3 Ne7 0-1

[Event "AUTO-OPEN-3237"]
[Site "http://www.queenalice.com/game.php?id=1275132"]
[Date "2014.4.22"]
[Round "1"]
[White "Edmorf"]
[Black "hoffmann"]
[Result "1-0"]
[WhiteElo "1514"]
[BlackElo "1430"]

1. e4 e5 2. Nf3 d6 3. d4 Nf6 4. Bg5 Be7 5. d5 h6 6. Be3 O-O 7. Bd3 c6 8. c4 Qa5+
9. Bd2 Qc5 10. O-O b6 11. a3 a5 12. Be3 Qxe3 13. fxe3 Ng4 14. Qe2 Bg5 15. Nxg5
hxg5 16. h3 Nf6 17. Nd2 Na6 18. Nf3 Nh7 19. Qf2 Nc5 20. Bc2 b5 21. b3 Nf6 22.
Nxg5 Ba6 23. Qh4 bxc4 24. Rxf6 gxf6 25. Qh7# 1-0

[Event "AUTO-OPEN-3237"]
[Site "http://www.queenalice.com/game.php?id=1275133"]
[Date "2014.4.22"]
[Round "1"]
[White "hoffmann"]
[Black "Edmorf"]
[Result "1-0"]
[WhiteElo "1449"]
[BlackElo "1604"]

1. e4 e5 2. Nf3 d6 3. c3 Nf6 4. Bd3 Bg4 5. h3 Bd7 6. O-O c5 7. c4 Be7 8. Nc3 Nc6
9. a3 O-O 10. Bc2 Nd4 11. d3 b6 12. a4 a5 13. b3 Qc8 14. Nh2 Bxh3 15. Nb5 Nxb5
16. axb5 Be6 17. Qf3 Ng4 18. Bd1 Nxh2 19. Kxh2 Bg4 20. Qxg4 Qd8 21. Bh6 g6 22.
Bxf8 Bxf8 23. Kg1 Bg7 24. Qh3 Ra7 25. Bg4 Re7 26. f4 h5 27. Bf3 exf4 28. Be2
Bxa1 29. Rxa1 Re8 30. Rf1 Qf6 31. g3 Qd4+ 32. Rf2 fxg3 33. Qxg3 Kg7 34. Kf1 Re5
35. Qf3 f5 36. exf5 Rxf5 37. Qb7+ Kh6 38. Rxf5 gxf5 39. Qh1 Qa1+ 40. Kg2 Qxh1+
41. Kxh1 h4 42. Kh2 Kg5 43. Kh3 f4 44. Kg2 Kf5 45. Kf3 Kg5 46. Bf1 Kf5 47. Bh3+
Kg5 48. Bg4 a4 49. bxa4 Kf6 50. Kxf4 Kg6 51. Kf3 Kg5 52. Bh3 Kh5 53. Kg2 Kg5 54.
Kh2 Kf4 55. Bc8 Ke3 56. Bf5 Kd4 57. Kh3 d5 58. cxd5 Kxd5 59. Kxh4 Kd4 60. Kg3
Kc3 61. Kf4 Kb4 62. Ke3 Kxa4 63. Bd7 Kb4 64. Kd2 c4 65. d4 c3+ 66. Kc2 Kc4 67.
d5 Kd4 68. Bc6 Kc4 69. Kc1 Kd3 70. d6 Kc4 71. d7 Kb3 72. d8=Q Kb4 73. Qxb6 Kb3
74. Qd4 c2 75. Qb2+ Kc4 76. Qxc2+ Kd4 77. b6 Ke5 78. b7 Ke6 79. b8=Q Kf6 80.
Qf4+ Ke7 81. Qcd2 Ke6 82. Qd7# 1-0

[Event "AUTO-OPEN-3237"]
[Site "http://www.queenalice.com/game.php?id=1275156"]
[Date "2014.4.22"]
[Round "1"]
[White "AfeuLira"]
[Black "hoffmann"]
[Result "1-0"]
[WhiteElo "2019"]
[BlackElo "1451"]

1. e4 e5 2. d4 c6 3. d5 cxd5 4. exd5 Nf6 5. Bg5 h6 6. Bxf6 Qxf6 7. Nc3 Bc5 8.
Qf3 Qg5 9. Nh3 Qh4 10. Ne4 Bb4+ 11. c3 Ba5 12. Nd6+ Ke7 13. Nf5+ Kd8 14. Nxh4 g6
15. d6 Nc6 16. Qf6+ Ne7 17. Qxe7# 1-0

[Event "AUTO-OPEN-3237"]
[Site "http://www.queenalice.com/game.php?id=1275157"]
[Date "2014.4.22"]
[Round "1"]
[White "hoffmann"]
[Black "AfeuLira"]
[Result "0-1"]
[WhiteElo "1467"]
[BlackElo "2057"]

1. e4 c5 2. Nc3 e6 3. Nf3 d5 4. d3 dxe4 5. dxe4 Nc6 6. Bc4 Nf6 7. O-O Be7 8. Bf4
a6 9. a3 Qxd1 10. Raxd1 O-O 11. e5 Nh5 12. Be3 g6 13. Bh6 Ng7 14. b3 b5 15. Be2
Rd8 16. Ne4 Bb7 17. Neg5 Nf5 18. c4 Nxh6 0-1

[Event "AUTO-INT-2844"]
[Site "http://www.queenalice.com/game.php?id=1276211"]
[Date "2014.4.26"]
[Round "1"]
[White "Dcar"]
[Black "hoffmann"]
[Result "1-0"]
[WhiteElo "1788"]
[BlackElo "1454"]

1. Nf3 d6 2. g3 e5 3. Bg2 Nh6 4. O-O Nc6 5. c3 b5 6. b4 Be6 7. d3 d5 8. d4 f6 9.
Nbd2 a5 10. e4 axb4 11. cxb4 Bxb4 12. a3 O-O 13. Bb2 Ba5 14. Nb3 dxe4 15. Ne1
Qd5 16. Nxa5 Rxa5 17. Nc2 Ra4 18. Nb4 Nxb4 19. axb4 Rxb4 20. Qc2 exd4 21. Qc1 c5
22. Ba3 Rc4 23. Qe1 Bf5 24. Qa5 b4 25. Bb2 d3 26. Rac1 Ra8 27. Qb5 Rd4 28. Rxc5
Qd8 29. Bxd4 Qxd4 30. Rb1 Ra1 31. Qe8# 1-0

[Event "AUTO-INT-2844"]
[Site "http://www.queenalice.com/game.php?id=1276212"]
[Date "2014.4.26"]
[Round "1"]
[White "hoffmann"]
[Black "Dcar"]
[Result "0-1"]
[WhiteElo "1437"]
[BlackElo "1755"]

1. e4 Nc6 2. Nf3 e5 3. c3 g6 4. d4 Bg7 5. Bc4 Nh6 6. Bg5 Ne7 7. Qd2 O-O 8. Bxh6
exd4 9. cxd4 c6 10. a4 d6 11. h3 d5 12. Bd3 dxe4 13. Bxe4 Re8 14. Na3 Nf5 15.
Bg5 Rxe4+ 16. Be3 Nxd4 17. Nc2 Nxc2+ 18. Ke2 Nd4+ 19. Kf1 Bf5 20. Rd1 c5 21. Bg5
Qd6 22. g4 Qc7 23. gxf5 Nxf3 24. Qc1 Nh2+ 25. Kg2 Be5 26. f6 Qc6 27. Rhe1 Rxe1+
28. f3 Qxf3# 0-1

[Event "AUTO-INT-2844"]
[Site "http://www.queenalice.com/game.php?id=1276229"]
[Date "2014.4.26"]
[Round "1"]
[White "hoffmann"]
[Black "Puljiz"]
[Result "0-1"]
[WhiteElo "1424"]
[BlackElo "1592"]

1. e4 c5 2. d3 d6 3. Nc3 Nf6 4. Qf3 Nc6 5. Be3 Ne5 6. Qg3 g6 7. Nf3 Nh5 8. Qh4
Nxf3+ 9. gxf3 Bg7 10. Bd2 O-O 11. O-O-O e6 12. Bg5 Qa5 13. Be7 Bxc3 14. bxc3
Qxc3 15. Bxd6 Bd7 16. Qe7 Ba4 17. Qc7 Qxc2# 0-1

[Event "AUTO-INT-2844"]
[Site "http://www.queenalice.com/game.php?id=1276230"]
[Date "2014.4.26"]
[Round "1"]
[White "Puljiz"]
[Black "hoffmann"]
[Result "1-0"]
[WhiteElo "1601"]
[BlackElo "1459"]

1. e4 e5 2. Nf3 Nc6 3. Bb5 Nf6 4. O-O Nxe4 5. Bxc6 dxc6 6. Nxe5 Qf6 7. d3 Nd6 8.
Nc3 Qxe5 9. Re1 Qe6 10. Rxe6+ Bxe6 11. Bg5 h6 12. Bf4 Nf5 13. Bxc7 Bd6 14. Bxd6
Nxd6 15. Ne4 O-O-O 16. Nxd6+ Rxd6 17. Qf3 f6 18. h3 g5 19. Re1 Re8 20. Qxf6 a5
21. Qxh6 Rg8 22. Rxe6 Rd5 23. Rxc6+ Kd7 24. Qe6+ 1-0

[Event "AUTO-INT-2844"]
[Site "http://www.queenalice.com/game.php?id=1276231"]
[Date "2014.4.26"]
[Round "1"]
[White "hoffmann"]
[Black "lfsantanna"]
[Result "0-1"]
[WhiteElo "1458"]
[BlackElo "1655"]

1. e4 c5 2. c4 Nc6 3. Nf3 e5 4. Nc3 Nf6 5. d3 h6 6. a3 Be7 7. Nh4 d6 8. Be2 O-O
9. Nf5 Bxf5 10. exf5 Nd4 11. Bg4 Nxg4 12. Nd5 Nf6 13. b4 cxb4 14. axb4 Nxd5 15.
cxd5 Qb6 16. Ra4 Nxf5 17. Qg4 g6 18. O-O h5 19. Qf3 Qb5 20. Qd1 Qxd5 21. Re1 Nd4
22. Re3 Nb5 23. f3 Nc3 24. Qc2 Nxa4 25. Qxa4 Qd4 26. g3 Bg5 27. Kf2 Rac8 28. Bd2
Bxe3+ 29. Ke2 Bxd2 30. Kxd2 Qb2+ 0-1

[Event "AUTO-INT-2844"]
[Site "http://www.queenalice.com/game.php?id=1276232"]
[Date "2014.4.26"]
[Round "1"]
[White "lfsantanna"]
[Black "hoffmann"]
[Result "1-0"]
[WhiteElo "1663"]
[BlackElo "1450"]

1. e4 e5 2. Nf3 Nc6 3. Nc3 Bc5 4. Bc4 Qf6 5. d3 h6 6. O-O a5 7. Nd5 Qd8 8. a4
Nf6 9. Nc3 O-O 10. Bb5 Nb4 11. Nxe5 d6 12. Nf3 c6 13. Bc4 d5 14. exd5 cxd5 15.
Bb3 Bg4 16. Nb5 b6 17. c3 Nc6 18. d4 Bd6 19. Qd3 Ne7 20. Nh4 Qd7 21. h3 Bh5 22.
Bc2 Bb8 23. f3 Bg3 24. b3 Bxh4 25. Bf4 Bg6 26. Qd2 Rac8 27. g3 Qxh3 28. Qh2 Bf5
29. Qxh3 1-0

[Event "AUTO-INT-2849"]
[Site "http://www.queenalice.com/game.php?id=1277914"]
[Date "2014.5.1"]
[Round "1"]
[White "hoffmann"]
[Black "SunKite"]
[Result "0-1"]
[WhiteElo "1404"]
[BlackElo "1590"]

1. e4 e5 2. Nf3 Qf6 3. c3 g5 4. h3 h5 5. d4 exd4 6. Bxg5 Qe6 7. Qxd4 f6 8. Bxf6
Nxf6 9. Bc4 Qxe4+ 10. Be2 Be7 11. Nbd2 Qc2 12. Rb1 Nc6 13. Qd3 Qa4 14. Ra1 Qa5
15. O-O d5 16. Nb3 Qb6 17. Qg6+ Kd8 18. c4 dxc4 19. Rad1+ Bd7 20. Qg7 Rh7 21.
Qg6 cxb3 22. a3 a5 23. Ng5 Rh8 24. Nf7+ Kc8 25. Nxh8 Ne5 26. Qg7 Qe6 27. Rd4 c5
0-1

[Event "AUTO-INT-2849"]
[Site "http://www.queenalice.com/game.php?id=1277915"]
[Date "2014.5.1"]
[Round "1"]
[White "SunKite"]
[Black "hoffmann"]
[Result "1-0"]
[WhiteElo "1599"]
[BlackElo "1395"]

1. e4 e5 2. Qf3 c5 3. Bc4 Nf6 4. g4 d6 5. g5 Bg4 6. Qb3 Nxe4 7. Bxf7+ Ke7 8.
Qxb7+ Nd7 9. Bd5 Rb8 10. Qxa7 Nxg5 11. h4 Nf7 12. f3 Bf5 13. c4 Rc8 14. Bb7 Rc7
15. Nc3 Qb8 16. Nd5+ Kd8 17. Nxc7 Kxc7 18. Qxb8+ Kxb8 19. Bd5 Nd8 20. a4 Nb6 21.
Ra3 Bd7 22. a5 Nxd5 23. cxd5 Nf7 24. a6 Be7 25. a7+ Ka8 26. Ne2 Bb5 27. Nc3 Bd3
28. Rh3 Nh6 29. f4 1-0

[Event "AUTO-INT-2849"]
[Site "http://www.queenalice.com/game.php?id=1277916"]
[Date "2014.5.1"]
[Round "1"]
[White "hoffmann"]
[Black "FisicaModerna"]
[Result "0-1"]
[WhiteElo "1449"]
[BlackElo "1553"]

1. e4 e6 2. d4 d5 3. Nc3 Nf6 4. Nf3 dxe4 5. Ne5 Bb4 6. a3 Be7 7. Nxe4 Nxe4 8.
Qh5 O-O 9. Bd3 Nf6 10. Qh4 Nbd7 11. Qg3 Re8 12. Bh6 g6 13. Bxg6 fxg6 14. O-O-O
Nxe5 15. Qxe5 Bf8 16. Rhe1 Bxh6+ 17. Kb1 Bg7 18. f3 Nd7 19. Qb5 a6 20. Qb4 Qe7
21. Qc4 c6 22. g4 Nb6 23. Qb3 Nd7 24. h3 b5 25. a4 bxa4 26. Qxa4 c5 27. Qc6 Rb8
28. d5 Qf6 29. c3 Rxb2+ 30. Kxb2 Qxc3+ 31. Kb1 Qb2# 0-1

[Event "AUTO-INT-2849"]
[Site "http://www.queenalice.com/game.php?id=1277917"]
[Date "2014.5.1"]
[Round "1"]
[White "FisicaModerna"]
[Black "hoffmann"]
[Result "0-1"]
[WhiteElo "1535"]
[BlackElo "1434"]

1. e4 e5 2. d4 d5 3. dxe5 dxe4 4. Qxd8+ Kxd8 5. Nc3 Bf5 6. Be3 Nc6 7. Bc4 Nxe5
8. Bb3 a6 9. Nge2 h6 10. O-O Nf6 11. Rad1+ Bd6 12. Bc5 Ne8 13. Rd2 b6 14. Bxd6
cxd6 15. Rfd1 Ke7 16. Nd5+ Kd7 17. Nxb6+ Ke7 18. Nxa8 Nf6 19. Rxd6 Rxa8 20. R6d2
Nfg4 21. Bd5 Rb8 22. Bb3 Bd7 23. h3 Nf6 24. Rd4 Bb5 25. R1d2 Ned7 26. Ba4 Bc6
27. Bxc6 Ne5 28. Ba4 Rxb2 29. Nc3 Nd3 30. Kf1 Ke6 31. Ke2 Nf4+ 32. Kf1 a5 33.
Rd6+ Kf5 34. g4+ Kg5 35. Nd5 Rb1+ 36. Rd1 Rxd1# 0-1

[Event "AUTO-INT-2849"]
[Site "http://www.queenalice.com/game.php?id=1277918"]
[Date "2014.5.1"]
[Round "1"]
[White "hoffmann"]
[Black "board0001"]
[Result "0-1"]
[WhiteElo "1442"]
[BlackElo "1462"]

1. e4 e5 2. Nf3 Nc6 3. c3 Nf6 4. d4 Nxe4 5. Bd3 d5 6. dxe5 Be7 7. b3 O-O 8. Bxe4
dxe4 9. Nbd2 Qd3 10. Nc4 Qxd1+ 11. Kxd1 exf3 12. gxf3 Be6 13. Re1 Rad8+ 14. Ke2
Bxc4+ 15. bxc4 Nxe5 16. Bf4 Bd6 17. Kf1 Nxc4 18. Re4 Bxf4 19. Rxf4 b5 20. Re1
Rfe8 21. Rfe4 Nd2+ 22. Kg2 Nxe4 23. fxe4 Rd3 24. e5 Rxc3 0-1

[Event "AUTO-INT-2849"]
[Site "http://www.queenalice.com/game.php?id=1277919"]
[Date "2014.5.1"]
[Round "1"]
[White "board0001"]
[Black "hoffmann"]
[Result "0-1"]
[WhiteElo "1373"]
[BlackElo "1446"]

1. d4 d5 2. Nf3 f6 3. Nc3 e6 4. Bf4 Bd6 5. Qd2 Nc6 6. O-O-O Nge7 7. Bxd6 Qxd6 8.
g3 e5 9. dxe5 fxe5 10. Nxd5 Be6 11. Nxe7 Kxe7 12. Qg5+ Kf8 13. Rxd6 cxd6 14. Qh4
h5 15. Ng5 Bxa2 16. b3 Nd4 17. Kb2 Bxb3 18. cxb3 Rc8 19. Qe4 Ke7 20. e3 Rc2+ 21.
Qxc2 Nxc2 22. Kxc2 Rc8+ 23. Kb2 Kf6 24. h4 a5 0-1